KOHA-Header-6

Aap Bataain : M.C.Q's (Record no. 9777)

000 -LEADER
fixed length control field 00265nam a2200109Ia 4500
100 ## - MAIN ENTRY--AUTHOR NAME
Personal name Sarwat Sultana Sarwat
245 #0 - TITLE STATEMENT
Title Aap Bataain : M.C.Q's
260 ## - PUBLICATION, DISTRIBUTION, ETC. (IMPRINT)
Place of publication Karachi
Name of publisher Prince Book
Year of publication 2005
300 ## - PHYSICAL DESCRIPTION
Number of Pages 173
942 ## - ADDED ENTRY ELEMENTS (KOHA)
Koha item type Books
Holdings
Withdrawn status Lost status Collection code Permanent Location Current Location Shelving location Date acquired Full call number Accession Number Koha item type
    Urdu Literature MAJU MAJU   2019-09-14 891.43 5726 Urdu Literature

Powered by Koha